000
00338 a2200157 4500
001
52390
020
_a
040
_c
Anchieta - Pituba
100
_a
Jande
240
1
0
_a
1ª Fisica, III unidade
_l
por
245
1
0
_a
1ª Fisica, III unidade
300
_a
4
362
0
_a
2014
650
4
_a
Línguas espanhola e portuguesa
942
_c
BK
999
_c
52390
_d
52390